000 01489cam a2200313 4500
001 ABS66370
008 030203n2003 000 0 eng u
035 _a(Sirsi) u121208
100 _aBulley, J.
245 _aStadia development as a catalyst for regeneration
260 _c2003
490 _aJournal of Leisure Property
_v2(4) November 2002, 305-316(12)
520 _aExplores trends in UK stadia development over the last decade and argues that stadia development and redevelopment issues form part of the wider urban regeneration debate. Citing as examples major UK football stadia, the paper suggests that stadia feasibility is affected by land, infrastructure and property development opportunities and that stadia development interacts with other commercial development opportunities. Concludes that future stadia provision will be driven by football financing and regeneration and property development opportunities. Draws on examples from the USA and the UK including Leicester, Southampton, Arsenal and Everton'. Tables figure and references. [Taken from journal abstract].
590 _aABS
650 _aSTADIA
650 _aFOOTBALL
650 _aURBAN REGENERATION
650 _aPROPERTY DEVELOPMENT
650 _aUNITED STATES
650 _aBOLTON
650 _aSUNDERLAND
650 _aMIDDLESBROUGH
650 _aSTOKE
650 _aLEICESTER
650 _aBALTIMORE
650 _aSAN DIEGO
690 _aLEISURE AND RECREATION
942 _n0
999 _c72028
_d72028